| 000 | 00598 a2200229 4500 | ||
|---|---|---|---|
| 005 | 20260121110850.0 | ||
| 008 | 260119b |||||||| |||| 00| 0 eng d | ||
| 020 |
_a9780124104600 _c$ 84.95 |
||
| 040 | _aMAIN | ||
| 082 |
_a591.307 _bI5D(3) |
||
| 100 | _aIuliis, Gerardo De | ||
| 245 | _a Dissection of vertebrates: A laboratory manual | ||
| 250 | _a3rd | ||
| 260 |
_bAcademic Press _c2019 _aLondon |
||
| 300 | _axxi, 393 | ||
| 650 | _aZoology | ||
| 650 | _aComparative Anatomy | ||
| 650 | _aVertebrates | ||
| 650 | _aLaboratory Manuals | ||
| 700 | _aPulera, Dino | ||
| 942 | _cBK | ||
| 999 |
_c395041 _d395041 |
||